000 00547nam a2200181 i 4500
001 34327
003 ES-MaACL
005 20230906154920.0
007 t|
008 030204s1972 sp ||||1| spa d
100 1 _aBlok, Alexander.
_929535
245 1 3 _aUn pedante sobre un poeta y otros textos /
_cAlexander Blok ; [traducción de Michael Faber-Kaiser].
250 _a[1ª ed.].
260 _a[Barcelona] :
_bBarral,
_c1972.
300 _a117 p. ;
_c20 cm.
700 0 _aFaber-Kaiser, Michael.
_948510
852 _aES-MaACL
_jC-42455
_bR.81364
999 _c34327
_d34327